00288nam a2200097Ia 45000010005000000080041000050820022000461000066000682450034001342600022001681843241024s9999 xx 000 0 und d aRD/530.07/R426f/2 aRepública Dominicana. Secretaría de Estado de Educación 0aFísica 2. Educación Media bGrupo Anayac2004